Comparative sociology: a codification of cross-societal analysis (Record no. 11751)

MARC details
000 -LEADER
fixed length control field 00471nam a2200169Ia 4500
082 ## - DEWEY DECIMAL CLASSIFICATION NUMBER
Classification number 301.072 MAR-;
100 ## - MAIN ENTRY--AUTHOR NAME
Personal name Marsh, Robert.M.
245 #0 - TITLE STATEMENT
Title Comparative sociology: a codification of cross-societal analysis
260 ## - PUBLICATION, DISTRIBUTION, ETC. (IMPRINT)
Place of publication New York
Name of publisher Harcourt Brace & World
Year of publication 1967
300 ## - PHYSICAL DESCRIPTION
Number of Pages 528p.
504 ## - BIBLIOGRAPHY, ETC. NOTE
Bibliography, etc Includes index
650 ## - SUBJECT ADDED ENTRY--TOPICAL TERM
Topical Term Social mobility
650 ## - SUBJECT ADDED ENTRY--TOPICAL TERM
Topical Term Sociology - Research
650 ## - SUBJECT ADDED ENTRY--TOPICAL TERM
Topical Term Sociology, Urban
650 ## - SUBJECT ADDED ENTRY--TOPICAL TERM
Topical Term Social stratification
942 ## - ADDED ENTRY ELEMENTS (KOHA)
Koha item type Books
Source of classification or shelving scheme Dewey Decimal Classification
Holdings
Withdrawn status Lost status Damaged status Not for loan Home library Current library Date acquired Full call number Accession Number Price effective from Koha item type
        NASSDOC Library NASSDOC Library 08/06/2004 301.072 MAR-; 927 18/04/2019 Books